[Event "6.Torneo de Promoción Almansa B 2011"]
[Site "Almansa (Albacete)"]
[Date "2011.08.12"]
[Round "7.9"]
[White "Lopez Gil, Diego"]
[Black "Martinez Escandell, Alfonso"]
[Result "1/2-1/2"]
[WhiteElo "1862"]
[BlackElo "1964"]
[PlyCount "157"]
[EventDate "2011.08.09"]
[EventType "swiss"]
[EventRounds "9"]
[EventCountry "ESP"]
[Source "lmi"]
[SourceDate "2011.08.09"]

1. Nf3 d5 2. d4 Nf6 3. c4 c6 4. g3 g6 5. Bg2 Bg7 6. O-O dxc4 7. Qc2 b5 8. e4
O-O 9. h3 Bb7 10. Nc3 e6 11. g4 Nbd7 12. Re1 a6 13. Be3 Rc8 14. e5 Ne8 15. Ne4
Qc7 16. Nc5 Nxc5 17. dxc5 Qe7 18. h4 Nc7 19. Qe4 Nd5 20. Bd4 Rfd8 21. a3 Ra8
22. Bf1 Bc8 23. g5 Bf8 24. Nh2 h6 25. f4 h5 26. Rec1 Qa7 27. b4 Qc7 28. Bc3 a5
29. Be1 Bb7 30. Be2 Ra7 31. Bd2 Rda8 32. Qd4 axb4 33. axb4 Ra4 34. Rxa4 Rxa4
35. Rb1 Bc8 36. Nf1 Qa7 37. Bd1 Nxb4 38. Kh1 Nd3 39. Bxa4 bxa4 40. Qxc4 Ba6 41.
Qd4 Qxc5 42. Qxc5 Bxc5 43. Kg2 a3 44. Rb8+ Kg7 45. Ra8 Bc4 46. Ne3 Bb3 47. Kf3
Nb2 48. Bc3 Na4 49. Ba1 Bb4 50. f5 gxf5 51. Ng2 Bd2 52. Ke2 Bc1 53. Rb8 Bc4+
54. Kd1 Bb2 55. Bxb2 axb2 56. Nf4 b1=Q+ 57. Rxb1 Nc3+ 58. Kc2 Nxb1 59. Nxh5+
Kh8 60. Kxb1 Be2 61. Nf4 Bf3 62. Kc2 Kg7 63. Kd3 Bg4 64. Kd4 Bf3 65. Kc5 Bd5
66. Kd6 Be4 67. h5 Bf3 68. Kc5 Bxh5 69. Kxc6 Bf3+ 70. Kd6 Bd5 71. Ke7 Ba2 72.
Ke8 Bb3 73. Ke7 Ba4 74. Kd6 Kf8 75. Nh5 Bb3 76. Nf4 Ke8 77. Nh5 Bd1 78. Nf4 Bf3
79. Nd3 1/2-1/2

[Event "6.Torneo de Promoción Almansa B 2011"]
[Site "Almansa (Albacete)"]
[Date "2011.08.12"]
[Round "7.10"]
[White "Guillen Beltran, Juan"]
[Black "Martin Lozano, Alvaro"]
[Result "1-0"]
[WhiteElo "1714"]
[BlackElo "1907"]
[PlyCount "33"]
[EventDate "2011.08.09"]
[EventType "swiss"]
[EventRounds "9"]
[EventCountry "ESP"]
[Source "lmi"]
[SourceDate "2011.08.09"]

1. e4 e5 2. Nf3 Nc6 3. Bc4 Bc5 4. c3 Nf6 5. b4 Bb6 6. d3 h6 7. Qb3 O-O 8. a4 a6
9. O-O d6 10. Be3 Bxe3 11. fxe3 Qe7 12. Nh4 Kh8 13. Nd2 Nd8 14. d4 Nxe4 15.
Rxf7 Qxh4 16. Rxf8+ Kh7 17. Qc2 1-0

[Event "6.Torneo de Promoción Almansa B 2011"]
[Site "Almansa (Albacete)"]
[Date "2011.08.12"]
[Round "7.11"]
[White "Sanchez Sanchez, Alberto"]
[Black "Pastor Villalba, Arturo"]
[Result "0-1"]
[WhiteElo "1983"]
[BlackElo "1818"]
[PlyCount "140"]
[EventDate "2011.08.09"]
[EventType "swiss"]
[EventRounds "9"]
[EventCountry "ESP"]
[Source "lmi"]
[SourceDate "2011.08.09"]

1. e4 e6 2. d3 c5 3. Nf3 Nc6 4. g3 d6 5. Bg2 Qc7 6. O-O Nf6 7. Re1 Be7 8. Nbd2
O-O 9. h4 d5 10. e5 Nd7 11. Qe2 f6 12. exf6 Nxf6 13. Ng5 Nd4 14. Qd1 h6 15. c3
hxg5 16. hxg5 Nc6 17. gxf6 Bxf6 18. Nf3 Qf7 19. Rf1 Qh5 20. d4 cxd4 21. cxd4
Bd7 22. Bf4 Rac8 23. Rc1 g6 24. Re1 Qf5 25. Qd2 g5 26. Nxg5 Nxd4 27. Nf3 Nxf3+
28. Bxf3 Kf7 29. Rxc8 Rxc8 30. Rc1 Bc6 31. Bg2 Rh8 32. Be3 Qh5 33. Qb4 d4 34.
Rxc6 bxc6 35. Qb7+ Be7 36. Bf4 Rd8 37. Qxc6 d3 38. Bf3 Qc5 39. Qe4 Qf5 40. Bd2
Qxe4 41. Bxe4 Rc8 42. Bc3 Rd8 43. Bd2 Bd6 44. b4 Rc8 45. Kf1 Rd8 46. f3 Be5 47.
f4 Bc7 48. Ke1 Rd4 49. Bh7 e5 50. Bc3 Rc4 51. Bxe5 Bxe5 52. fxe5 Rxb4 53. Bxd3
Ke6 54. Kf2 Kxe5 55. Kf3 Ra4 56. Bb1 Kf6 57. Ke3 Kg5 58. Kd2 Ra3 59. Kc2 Rxg3
60. Kb2 Kf4 61. Bc2 Ke5 62. a4 a5 63. Bd1 Kd4 64. Bh5 Re3 65. Bg4 Re7 66. Bf3
Kc4 67. Bd1 Kb4 68. Bc2 Re2 69. Kb1 Kc3 70. Bf5 Kb3 0-1

[Event "6.Torneo de Promoción Almansa B 2011"]
[Site "Almansa (Albacete)"]
[Date "2011.08.12"]
[Round "7.12"]
[White "Trabazos Gallego, Javier"]
[Black "Castro Fernandez, Fco Javier"]
[Result "1/2-1/2"]
[WhiteElo "1932"]
[BlackElo "1791"]
[PlyCount "98"]
[EventDate "2011.08.09"]
[EventType "swiss"]
[EventRounds "9"]
[EventCountry "ESP"]
[Source "lmi"]
[SourceDate "2011.08.09"]

1. e4 e5 2. d4 exd4 3. f4 d6 4. Nf3 Bg4 5. Bc4 Qe7 6. O-O Nd7 7. Qxd4 Bxf3 8.
Rxf3 Qf6 9. e5 dxe5 10. Qe4 O-O-O 11. Nc3 Bc5+ 12. Kh1 Ne7 13. Bb5 c6 14. Bd3
h6 15. Rb1 Qd6 16. b4 Bd4 17. fxe5 Nxe5 18. Ne2 Nxf3 19. Qxf3 g5 20. Qg4+ f5
21. Qf3 Rhf8 22. Nxd4 Qxd4 23. Be3 Qd5 24. Bxa7 Qxf3 25. gxf3 Nd5 26. b5 Nc3
27. Re1 Nxb5 28. Bb6 Nc7 29. a4 f4 30. a5 Rde8 31. Rb1 Na6 32. Bd4 c5 33. Bg7
Rg8 34. Bxh6 Nb4 35. Be4 Rxe4 36. fxe4 Nc6 37. Rb5 Rg6 38. Bf8 Re6 39. Rxc5 Re5
40. a6 Rxc5 41. axb7+ Kxb7 42. Bxc5 Ne5 43. Be7 Nf7 44. Bf6 Kc6 45. Kg2 Kd6 46.
Kf3 Ne5+ 47. Bxe5+ Kxe5 48. h3 Kd4 49. h4 gxh4 1/2-1/2

[Event "6.Torneo de Promoción Almansa B 2011"]
[Site "Almansa (Albacete)"]
[Date "2011.08.12"]
[Round "7.13"]
[White "Fernandez Cano, Victor"]
[Black "Villaescusa Navalon, Miguel"]
[Result "1-0"]
[WhiteElo "1766"]
[BlackElo "1898"]
[PlyCount "107"]
[EventDate "2011.08.09"]
[EventType "swiss"]
[EventRounds "9"]
[EventCountry "ESP"]
[Source "lmi"]
[SourceDate "2011.08.09"]

1. Nf3 Nf6 2. d4 d5 3. Bf4 c6 4. e3 e6 5. Bd3 Bd6 6. Bxd6 Qxd6 7. O-O Nbd7 8.
Nbd2 O-O 9. c3 e5 10. e4 exd4 11. Nxd4 Nxe4 12. Nxe4 dxe4 13. Bxe4 Nf6 14. Bf3
Qf4 15. h3 Bd7 16. Qb3 Rab8 17. Rfe1 c5 18. Ne2 Qg5 19. Ng3 h5 20. Kf1 Be6 21.
Qa4 a6 22. h4 Qg6 23. Kg1 Rfd8 24. Rad1 Bg4 25. Rxd8+ Rxd8 26. Bxb7 Rd2 27. b4
cxb4 28. cxb4 Bd7 29. Qxa6 Qc2 30. Qa8+ Kh7 31. Ne4 Qxa2 32. Nxd2 Qxd2 33. Qa1
Ng4 34. Rf1 Bb5 35. Qe1 Qd6 36. g3 g6 37. Bg2 Bxf1 38. Bxf1 Qd4 39. b5 Qc5 40.
Be2 Ne5 41. Qd2 Ng4 42. Bxg4 hxg4 43. Qb2 Qb6 44. Qb3 Kg8 45. Qc4 Kf8 46. Qc8+
Ke7 47. Qa6 Qc5 48. Qb7+ Ke6 49. b6 Qd6 50. Qc8+ Kf6 51. b7 Qd1+ 52. Kh2 Qf3
53. Qh8+ Kf5 54. Qb2 1-0

[Event "6.Torneo de Promoción Almansa B 2011"]
[Site "Almansa (Albacete)"]
[Date "2011.08.12"]
[Round "7.15"]
[White "Castro Serrano, Oscar"]
[Black "Moreno Brocalero, Jorge"]
[Result "0-1"]
[WhiteElo "1736"]
[BlackElo "1886"]
[PlyCount "72"]
[EventDate "2011.08.09"]
[EventType "swiss"]
[EventRounds "9"]
[EventCountry "ESP"]
[Source "lmi"]
[SourceDate "2011.08.09"]

1. d4 d5 2. Nf3 Nf6 3. e3 e6 4. Bd3 b6 5. O-O Bb7 6. b3 Bd6 7. Bb2 Nbd7 8. Nbd2
c5 9. Rc1 O-O 10. c4 Qe7 11. cxd5 exd5 12. Re1 Ne4 13. Nf1 f5 14. dxc5 bxc5 15.
Bb5 Nb6 16. Qe2 a6 17. Bd3 Rfc8 18. Ba1 Nd7 19. Qb2 Rf8 20. N3d2 Be5 21. Qc2
Rf6 22. Bxe5 Nxe5 23. f3 Nxd2 24. Nxd2 Nxd3 25. Qxd3 Re6 26. e4 fxe4 27. fxe4
dxe4 28. Qc4 Rc8 29. Re2 Kh8 30. b4 e3 31. Nf1 Re4 32. Qc3 Rxb4 33. Rxe3 Re4
34. Rg3 Re2 35. Ne3 Qf6 36. Qb3 Qf2+ 0-1

[Event "6.Torneo de Promoción Almansa B 2011"]
[Site "Almansa (Albacete)"]
[Date "2011.08.13"]
[Round "8.1"]
[White "Castillo Pla, Emilio"]
[Black "Gonzalez Lopez, Julian"]
[Result "1-0"]
[WhiteElo "1918"]
[BlackElo "1948"]
[PlyCount "67"]
[EventDate "2011.08.09"]
[EventType "swiss"]
[EventRounds "9"]
[EventCountry "ESP"]
[Source "lmi"]
[SourceDate "2011.08.09"]

1. e4 c6 2. d3 d5 3. Nd2 e5 4. Ngf3 Bd6 5. g3 Ne7 6. Bg2 O-O 7. O-O f5 8. exd5
cxd5 9. c4 Nbc6 10. cxd5 Nb4 11. Qb3 Ng6 12. Nc4 Na6 13. Bg5 Qd7 14. d4 exd4
15. Nxd4 h6 16. Bd2 Nc5 17. Qc2 a6 18. Nb6 Qd8 19. Nxa8 Bd7 20. Bb4 Qxa8 21.
Ne6 Rc8 22. Qxf5 Ne7 23. Qg4 Be5 24. Bc3 Bxe6 25. dxe6 Bxc3 26. bxc3 Qa7 27.
Rad1 Rf8 28. Rd4 g5 29. h4 Nf5 30. hxg5 h5 31. Qxh5 Ng7 32. Qg6 Ncxe6 33. Rd7
Qc5 34. Be4 1-0

[Event "6.Torneo de Promoción Almansa B 2011"]
[Site "Almansa (Albacete)"]
[Date "2011.08.13"]
[Round "8.2"]
[White "Martinez Hernandez, Javier"]
[Black "Boj Marques, Javier"]
[Result "0-1"]
[WhiteElo "1972"]
[BlackElo "1968"]
[PlyCount "114"]
[EventDate "2011.08.09"]
[EventType "swiss"]
[EventRounds "9"]
[EventCountry "ESP"]
[Source "lmi"]
[SourceDate "2011.08.09"]

1. Nf3 d5 2. d4 Nf6 3. e3 c6 4. c4 e6 5. Nc3 Nbd7 6. cxd5 exd5 7. Bd3 Bd6 8.
O-O O-O 9. Qc2 Re8 10. Re1 h6 11. Rb1 Nf8 12. h3 Bd7 13. b4 b6 14. Bd2 Rc8 15.
Na4 Ne4 16. Rec1 Qf6 17. Bxe4 Rxe4 18. Nc3 Ree8 19. e4 dxe4 20. Nxe4 Qg6 21.
Nxd6 Qxd6 22. Be3 Ng6 23. Qd2 Qd5 24. Kh2 Bf5 25. Rb3 Be4 26. Bf4 Rcd8 27. Rbc3
Re6 28. Bg3 Bxf3 29. gxf3 Qxd4 30. Qxd4 Rxd4 31. a3 Ne7 32. Bb8 Rd7 33. Kg1 f6
34. Kf1 Kf7 35. a4 Rb7 36. Bg3 a6 37. Re1 Rxe1+ 38. Kxe1 Rd7 39. Ke2 Rd4 40. b5
axb5 41. axb5 cxb5 42. Rc7 b4 43. Rb7 Ke6 44. Rxb6+ Kd5 45. Rd6+ Kc4 46. Rxd4+
Kxd4 47. Bd6 Nd5 48. Kd2 g6 49. Bf8 h5 50. h4 Kc4 51. Kc2 g5 52. hxg5 fxg5 53.
Kd2 h4 54. Ke2 b3 55. Ba3 Kc3 56. f4 Nxf4+ 57. Kf3 b2 0-1

[Event "6.Torneo de Promoción Almansa B 2011"]
[Site "Almansa (Albacete)"]
[Date "2011.08.13"]
[Round "8.3"]
[White "Montiel Miguelez, Manuel"]
[Black "Perez Garcia, Jose Miguel"]
[Result "0-1"]
[WhiteElo "1937"]
[BlackElo "1996"]
[PlyCount "86"]
[EventDate "2011.08.09"]
[EventType "swiss"]
[EventRounds "9"]
[EventCountry "ESP"]
[Source "lmi"]
[SourceDate "2011.08.09"]

1. e4 c5 2. Nf3 e6 3. d4 cxd4 4. Nxd4 a6 5. Bd3 Nf6 6. O-O Qc7 7. c4 d6 8. Nc3
Nbd7 9. Qe2 Ne5 10. Be3 Be7 11. Rac1 b6 12. Rfd1 Nxd3 13. Rxd3 Bb7 14. f3 O-O
15. Na4 Nd7 16. Qf2 Nc5 17. Nxc5 dxc5 18. Ne2 Bd6 19. Qh4 Rfd8 20. Rcd1 Be7 21.
Qg4 Rxd3 22. Rxd3 Rd8 23. Bf4 Qc8 24. Bh6 Bf6 25. Rb3 Rd1+ 26. Kf2 Qd8 27. Nc3
Rh1 28. Kg3 Bc6 29. Bf4 g6 30. e5 h5 31. Qh3 Be7 32. Ne4 h4+ 33. Kg4 Kg7 34.
Ng5 Rg1 35. g3 Bxg5 36. Bxg5 Qd4+ 37. Bf4 g5 38. Kxg5 f6+ 39. exf6+ Qxf6+ 40.
Kg4 e5 41. Bg5 Qg6 42. f4 Bd7+ 43. Kf3 Bxh3 0-1

[Event "6.Torneo de Promoción Almansa B 2011"]
[Site "Almansa (Albacete)"]
[Date "2011.08.13"]
[Round "8.4"]
[White "Guillen Beltran, Juan"]
[Black "Garcia Ruano, Juan Carlos"]
[Result "1/2-1/2"]
[WhiteElo "1714"]
[BlackElo "1965"]
[PlyCount "88"]
[EventDate "2011.08.09"]
[EventType "swiss"]
[EventRounds "9"]
[EventCountry "ESP"]
[Source "lmi"]
[SourceDate "2011.08.09"]

1. e4 d6 2. d4 Nf6 3. Bd3 g6 4. c3 Bg7 5. Nf3 O-O 6. h3 c6 7. Bf4 Nbd7 8. O-O
Re8 9. Nbd2 a6 10. a4 e5 11. Bh2 exd4 12. cxd4 Nf8 13. Re1 Be6 14. Ng5 d5 15.
e5 N6d7 16. f4 Qb6 17. Ndf3 h6 18. Nxe6 Nxe6 19. Bc2 Rac8 20. f5 gxf5 21. Bxf5
c5 22. Bxe6 Rxe6 23. Rc1 Rce8 24. Kh1 cxd4 25. Nxd4 Rg6 26. Nf3 Qxb2 27. Rc2
Qb3 28. Rc8 Qb4 29. Rxe8+ Kh7 30. Qxd5 Nc5 31. Qd4 Qa5 32. Rg1 Ne6 33. Qd3 Qxa4
34. Rc8 Qb4 35. Rc4 Qe7 36. Rg4 Nc5 37. Qc2 Kh8 38. Rxg6 fxg6 39. Qxg6 Qd7 40.
Qd6 Ne4 41. Qb6 Qd5 42. Rc1 Bf8 43. Rc8 Qd1+ 44. Bg1 Ng3+ 1/2-1/2

[Event "6.Torneo de Promoción Almansa B 2011"]
[Site "Almansa (Albacete)"]
[Date "2011.08.13"]
[Round "8.5"]
[White "Martinez Escandell, Alfonso"]
[Black "Diaz Rios, Ignacio Jose"]
[Result "1/2-1/2"]
[WhiteElo "1964"]
[BlackElo "1930"]
[PlyCount "55"]
[EventDate "2011.08.09"]
[EventType "swiss"]
[EventRounds "9"]
[EventCountry "ESP"]
[Source "lmi"]
[SourceDate "2011.08.09"]

1. e4 c5 2. Nf3 d6 3. d4 cxd4 4. Nxd4 Nf6 5. Nc3 a6 6. a4 e5 7. Nb3 Be7 8. Be2
b6 9. Be3 Bb7 10. f3 O-O 11. O-O Nc6 12. Qe1 Nb4 13. Bd3 Nxd3 14. cxd3 d5 15.
d4 Qb8 16. dxe5 Qxe5 17. Bd4 Qh5 18. Qg3 Qg6 19. Qxg6 hxg6 20. Bxb6 dxe4 21.
fxe4 Nxe4 22. Rfe1 f5 23. Nxe4 Bxe4 24. Bc5 Rab8 25. Bxe7 Rxb3 26. Ba3 Rd8 27.
Rad1 Rxd1 28. Rxd1 1/2-1/2

[Event "6.Torneo de Promoción Almansa B 2011"]
[Site "Almansa (Albacete)"]
[Date "2011.08.13"]
[Round "8.6"]
[White "Talavera Garcia, Santiago"]
[Black "Fernandez Cano, Victor"]
[Result "1-0"]
[WhiteElo "1986"]
[BlackElo "1766"]
[PlyCount "79"]
[EventDate "2011.08.09"]
[EventType "swiss"]
[EventRounds "9"]
[EventCountry "ESP"]
[Source "lmi"]
[SourceDate "2011.08.09"]

1. d4 Nf6 2. c4 e6 3. Nf3 d5 4. g3 Be7 5. Bg2 O-O 6. O-O Nbd7 7. Qc2 c6 8. Nbd2
b6 9. e4 dxe4 10. Nxe4 Nxe4 11. Qxe4 Bb7 12. Rd1 Qc8 13. Qe2 Re8 14. Bg5 Nf6
15. Ne5 h6 16. Bxf6 Bxf6 17. Qf3 Bxe5 18. dxe5 Rb8 19. c5 Qc7 20. Qc3 Red8 21.
Rac1 Rbc8 22. Qa3 Ba8 23. Qe3 Bb7 24. g4 Rxd1+ 25. Rxd1 Rd8 26. Rd6 Rxd6 27.
exd6 Qd8 28. Qd4 Qd7 29. b4 b5 30. Qe3 a5 31. bxa5 Ba6 32. Qe4 Bb7 33. a4 bxa4
34. Qxa4 e5 35. a6 Ba8 36. h3 f5 37. Qb3+ Kh7 38. Qb1 g6 39. Qb8 fxg4 40. Qc7
1-0

[Event "6.Torneo de Promoción Almansa B 2011"]
[Site "Almansa (Albacete)"]
[Date "2011.08.13"]
[Round "8.7"]
[White "Pastor Villalba, Arturo"]
[Black "Alcaraz Cordoba, Sergio"]
[Result "0-1"]
[WhiteElo "1818"]
[BlackElo "1959"]
[PlyCount "74"]
[EventDate "2011.08.09"]
[EventType "swiss"]
[EventRounds "9"]
[EventCountry "ESP"]
[Source "lmi"]
[SourceDate "2011.08.09"]

1. d4 d5 2. c4 e6 3. Nc3 c6 4. Nf3 f5 5. Bf4 Nf6 6. e3 Be7 7. Be2 O-O 8. O-O
Ne4 9. Qc2 g5 10. Bxb8 Rxb8 11. Ne5 Bd6 12. f3 Nxc3 13. Qxc3 Bxe5 14. dxe5 f4
15. Rad1 Qb6 16. c5 Qc7 17. g4 b6 18. b4 Bd7 19. e4 bxc5 20. bxc5 Be8 21. Bd3
Bg6 22. exd5 cxd5 23. Bxg6 hxg6 24. Rb1 Rfc8 25. Rxb8 Qxb8 26. Re1 Qb5 27. Rc1
Rc6 28. Qc2 Kg7 29. Kg2 Kh6 30. Kg1 a5 31. a3 a4 32. Qc3 Qe2 33. Re1 Rxc5 34.
Qb4 Qc4 35. Rb1 Qc3 36. Qb8 Rc8 37. Qb7 Qe3+ 0-1

[Event "6.Torneo de Promoción Almansa B 2011"]
[Site "Almansa (Albacete)"]
[Date "2011.08.13"]
[Round "8.8"]
[White "Moreno Brocalero, Jorge"]
[Black "Lopez Mulet, Inigo"]
[Result "1/2-1/2"]
[WhiteElo "1886"]
[BlackElo "1780"]
[PlyCount "82"]
[EventDate "2011.08.09"]
[EventType "swiss"]
[EventRounds "9"]
[EventCountry "ESP"]
[Source "lmi"]
[SourceDate "2011.08.09"]

1. e4 c5 2. Nf3 Nc6 3. d4 cxd4 4. Nxd4 g6 5. Nc3 Bg7 6. Be3 Nf6 7. Bc4 O-O 8.
Bb3 d6 9. f3 Bd7 10. Qd2 Nxd4 11. Bxd4 b5 12. h4 a5 13. a4 bxa4 14. Nxa4 Be6
15. Bxe6 fxe6 16. Nb6 Ra6 17. Nc4 Qc7 18. Nxa5 Nxe4 19. fxe4 Bxd4 20. Qxd4 Rxa5
21. Rxa5 Qxa5+ 22. b4 Qa3 23. Ke2 Qg3 24. Rg1 Qxh4 25. Rf1 Qg4+ 26. Ke1 Qg3+
27. Rf2 Qh4 28. g4 Rxf2 29. Qxf2 Qh1+ 30. Kd2 Qxe4 31. Qb6 Qxg4 32. b5 Qf4+ 33.
Kd3 e5 34. Qc6 e4+ 35. Qxe4 Qf1+ 36. Qe2 Qf5+ 37. Kc3 Kf8 38. Qc4 d5 39. Qc6
Qe4 40. Kb3 Qe3+ 41. Ka2 Qa7+ 1/2-1/2

[Event "6.Torneo de Promoción Almansa B 2011"]
[Site "Almansa (Albacete)"]
[Date "2011.08.13"]
[Round "8.9"]
[White "Moreno Brocalero, Edgar"]
[Black "Ortega Morales, Pedro"]
[Result "1/2-1/2"]
[WhiteElo "1794"]
[BlackElo "1865"]
[PlyCount "95"]
[EventDate "2011.08.09"]
[EventType "swiss"]
[EventRounds "9"]
[EventCountry "ESP"]
[Source "lmi"]
[SourceDate "2011.08.09"]

1. e4 e5 2. Nf3 Nc6 3. Bb5 Nf6 4. O-O Nxe4 5. d4 Nd6 6. Bxc6 dxc6 7. Nxe5 Be7
8. c3 O-O 9. Bf4 Be6 10. Nd2 Ne8 11. Ne4 Qd5 12. Re1 Rd8 13. Nd3 Bc8 14. Qf3
Bd6 15. Re3 Bxf4 16. Nxf4 Qf5 17. Rae1 Nd6 18. Ng3 Qg4 19. Qxg4 Bxg4 20. h3 Bc8
21. Ne4 Rfe8 22. Nxd6 Rxe3 23. Rxe3 cxd6 24. Re7 Bd7 25. Nd3 Kf8 26. Re3 Re8
27. Kf1 Be6 28. Nc1 f5 29. f4 Kf7 30. Kf2 a5 31. b3 b5 32. Ke2 a4 33. Kd3 axb3
34. axb3 Ra8 35. Kc2 Bd5 36. Re2 Be4+ 37. Kb2 Ke6 38. Nd3 Kf6 39. Nf2 Bxg2 40.
h4 Bd5 41. Nd3 Bf7 42. Nb4 Rc8 43. c4 bxc4 44. bxc4 Rb8 45. Kc3 Rc8 46. c5 dxc5
47. dxc5 Re8 48. Kd3 1/2-1/2

[Event "6.Torneo de Promoción Almansa B 2011"]
[Site "Almansa (Albacete)"]
[Date "2011.08.13"]
[Round "8.10"]
[White "Juberias Guillen, Paloma"]
[Black "Lopez Gil, Diego"]
[Result "1-0"]
[WhiteElo "1738"]
[BlackElo "1862"]
[PlyCount "73"]
[EventDate "2011.08.09"]
[EventType "swiss"]
[EventRounds "9"]
[EventCountry "ESP"]
[Source "lmi"]
[SourceDate "2011.08.09"]

1. d4 Nf6 2. c4 g6 3. Nc3 Bg7 4. e4 d6 5. f3 O-O 6. Be3 e5 7. d5 c6 8. Qd2 cxd5
9. cxd5 Ne8 10. g4 f5 11. gxf5 gxf5 12. Bg5 Bf6 13. Bxf6 Qxf6 14. O-O-O f4 15.
h4 Nd7 16. Bh3 Nc7 17. Bxd7 Bxd7 18. Nh3 Bxh3 19. Rxh3 Kh8 20. Ne2 Rg8 21. Qb4
b6 22. Kb1 Qe7 23. Rc1 Rgc8 24. Rc6 Ne8 25. Rh1 Rc7 26. Qc3 a5 27. Nxf4 Rac8
28. Nd3 Ng7 29. h5 h6 30. Nf2 Kh7 31. Ng4 Qf7 32. Qe3 Rxc6 33. Qxh6+ Kg8 34.
dxc6 Rxc6 35. Rg1 Kf8 36. Nf6 d5 37. Qh8+ 1-0

[Event "6.Torneo de Promoción Almansa B 2011"]
[Site "Almansa (Albacete)"]
[Date "2011.08.13"]
[Round "8.11"]
[White "Tonus, Alex"]
[Black "Bernabeu Lopez, Carlos Javier"]
[Result "1-0"]
[WhiteElo "1993"]
[BlackElo "1760"]
[PlyCount "79"]
[EventDate "2011.08.09"]
[EventType "swiss"]
[EventRounds "9"]
[EventCountry "ESP"]
[Source "lmi"]
[SourceDate "2011.08.09"]

1. e4 e5 2. Nf3 Nf6 3. Nxe5 Nxe4 4. Qe2 Qe7 5. Qxe4 d6 6. d4 dxe5 7. dxe5 Nc6
8. Bb5 Bd7 9. O-O O-O-O 10. Nc3 Nxe5 11. Be3 Nc6 12. Qa4 Qb4 13. Bxc6 Bxc6 14.
Qxa7 b6 15. Qa6+ Kb8 16. f3 Bd6 17. Bf2 Qf4 18. Bg3 Qe3+ 19. Bf2 Qf4 20. Bg3
Qe3+ 21. Kh1 Bxg3 22. hxg3 Qh6+ 23. Kg1 Qe3+ 24. Rf2 Rd2 25. Qf1 Rxc2 26. Re1
Qc5 27. Ree2 Rxe2 28. Qxe2 Re8 29. Qd2 Re6 30. a3 Rh6 31. b4 Qh5 32. Re2 Qh2+
33. Kf2 Bxf3 34. Re8+ Kb7 35. Kxf3 Rd6 36. Qe2 f5 37. Re6 Rd4 38. Kf2 f4 39.
Qf3+ Kc8 40. Qa8+ 1-0

[Event "6.Torneo de Promoción Almansa B 2011"]
[Site "Almansa (Albacete)"]
[Date "2011.08.13"]
[Round "8.12"]
[White "Ojaos Penalver, Abel"]
[Black "Castro Fernandez, Fco Javier"]
[Result "1-0"]
[WhiteElo "1996"]
[BlackElo "1791"]
[PlyCount "134"]
[EventDate "2011.08.09"]
[EventType "swiss"]
[EventRounds "9"]
[EventCountry "ESP"]
[Source "lmi"]
[SourceDate "2011.08.09"]

1. d4 Nf6 2. Nf3 d5 3. Bf4 g6 4. Nc3 Bg7 5. Qd2 Bf5 6. Ne5 c6 7. f3 Nbd7 8. g4
Be6 9. Bh6 Bxh6 10. Qxh6 Qb6 11. O-O-O O-O-O 12. Nxd7 Bxd7 13. Kb1 Qa5 14. Qd2
Rhe8 15. h3 b5 16. e3 e5 17. dxe5 Rxe5 18. Qd4 Rde8 19. Rd3 b4 20. Nd1 c5 21.
Qf4 Qb6 22. Bg2 a5 23. Re1 Bb5 24. Rd2 c4 25. Qd4 Qxd4 26. Rxd4 c3 27. bxc3
bxc3 28. Nxc3 Bc4 29. e4 g5 30. Red1 Rd8 31. Nxd5 Bxd5 32. exd5 Kc7 33. c4 Kd6
34. Kc2 h5 35. R1d2 Rb8 36. f4 gxf4 37. Rxf4 Nd7 38. gxh5 Rxh5 39. Rxf7 Ne5 40.
Rf6+ Kc5 41. Kc3 Rh4 42. Bf1 Rg8 43. Re6 Rg3+ 44. Kc2 Nf3 45. Rc6+ Kb4 46. Rb6+
Ka4 47. Rf2 Nd4+ 48. Kb2 Re3 49. c5 Nf3 50. Bb5+ Kb4 51. Be2+ Kxc5 52. Rb5+ Kd6
53. Bxf3 Rxh3 54. Bg4 Rh4 55. Be6 a4 56. a3 Rh1 57. Rb4 Rh8 58. Rxa4 Rb8+ 59.
Rb4 Ra8 60. Rb3 Re1 61. Rc2 Rh8 62. Rb6+ Ke5 63. Rbc6 Rb8+ 64. Kc3 Ra8 65. Kd2
Re4 66. R6c3 Rh4 67. Re3+ Kd6 1-0

[Event "6.Torneo de Promoción Almansa B 2011"]
[Site "Almansa (Albacete)"]
[Date "2011.08.13"]
[Round "8.14"]
[White "Mateu Torres, Jose Ramon"]
[Black "Trabazos Gallego, Javier"]
[Result "0-1"]
[WhiteElo "1777"]
[BlackElo "1932"]
[PlyCount "58"]
[EventDate "2011.08.09"]
[EventType "swiss"]
[EventRounds "9"]
[EventCountry "ESP"]
[Source "lmi"]
[SourceDate "2011.08.09"]

1. e4 c5 2. Nf3 Nc6 3. d4 cxd4 4. Nxd4 Nxd4 5. Qxd4 e6 6. Nc3 Ne7 7. Be3 Nc6 8.
Qd2 Bb4 9. a3 Qa5 10. Be2 Bxc3 11. Qxc3 Qxc3+ 12. bxc3 b6 13. Rd1 Bb7 14. Bf4
e5 15. Be3 Ke7 16. O-O Rac8 17. Rd5 f6 18. Rfd1 Nb8 19. R5d2 Bxe4 20. c4 Rhd8
21. f4 d6 22. c3 Na6 23. Bg4 Rb8 24. Be2 Nc5 25. Kf2 Nb3 26. Rb2 Na5 27. h3
Rbc8 28. Rbd2 Nxc4 29. Bxc4 Rxc4 0-1

[Event "6.Torneo de Promoción Almansa B 2011"]
[Site "Almansa (Albacete)"]
[Date "2011.08.13"]
[Round "8.15"]
[White "Gomez Salinas, Nestor"]
[Black "Cano Manrique, Carlos Alberto"]
[Result "1-0"]
[WhiteElo "1912"]
[BlackElo "1739"]
[PlyCount "73"]
[EventDate "2011.08.09"]
[EventType "swiss"]
[EventRounds "9"]
[EventCountry "ESP"]
[Source "lmi"]
[SourceDate "2011.08.09"]

1. e4 g6 2. d4 Bg7 3. Nf3 d6 4. Nc3 Nf6 5. h3 O-O 6. Be3 b6 7. Be2 c5 8. d5 Na6
9. Qd2 Nc7 10. a4 Bd7 11. Bh6 a6 12. Bxg7 Kxg7 13. Qe3 b5 14. b3 b4 15. Nd1 Bc8
16. Nb2 a5 17. Rd1 Ra7 18. Nc4 Bb7 19. Nh2 Nd7 20. h4 Nf6 21. h5 Nce8 22. hxg6
fxg6 23. Ng4 Rh8 24. Qh6+ Kf7 25. Qf4 Kg7 26. Qh6+ Kf7 27. Nxf6 Nxf6 28. Qf4
Kg7 29. Bg4 h5 30. Be6 Rf8 31. Qe3 Bc8 32. Bxc8 Qxc8 33. f3 Rh8 34. Qg5 Qd8 35.
e5 Ne8 36. f4 Qc8 37. Ne3 1-0